000 00675nam a2200205Ia 4500
003 OSt
005 20250415155948.0
008 210210b1984 xxu||||| |||| 00| 0 eng d
040 _cAL
041 _aKannada
082 _aK894.9 SAHR
100 _a-
_9208399
245 _aSahradaya: Prof H Gopalakrashna Rav abhinandana Samputa.
_bಸಹೃದಯ : ಪ್ರೊI ಹೆಚ್ ಗೋಪಾಲಕೃಷ್ಣ ರಾವ್ ಅಭಿನಂದನ ಸಂಪುಟ
260 _aSuratkal
_bPro. Yach Ji Ke Rav Abhinandana Samiti
_c1984
300 _a-
650 _aGopalakrashnarav Yach
_9208400
690 _aKannada Criticism
_9208401
906 _a040492
942 _2ddc
_cBK
999 _c90687
_d90687